000 006650000a22001810004500
003 MACL
005 20160514163211.0
008 160514b xxu||||| |||| 00| 0 eng d
040 _aMACL
_cMACL
041 _aHindi
082 _a891.433 GUP
100 _aगुप्‍त, कर्नल परूषोत्‍तम
_957221
245 _aआ, अब लौट चलें
_cकर्नल पुरूषोत्‍तम गुप्‍त
260 _aनई दिल्‍ली
_bमैट्रिक्‍स पब्लिशर्स
_c2011
350 _a200
650 _aकहानियॉ
_957133
942 _cHIN
_k891.433/ GUP/S
_2ddc
999 _c46686
_d46686